000 00395nam a22001337a 4500
999 _c521982
_d521982
008 230306b ||||| |||| 00| 0 eng d
100 _aThampi, Anajan and Biswas Arpita
_938245
245 _aUnderstanding trends in spousal violence in India
260 _aSocial Scientist
300 _a50(9-10), Sep, Oct, 2022: p.93-104
773 _aSocial Scientist
906 _aVIOLENCE
942 _cAR